000 01032cam a2200277 a 4500
001 13183988
003 CEME
005 20210628201528.0
008 030502s2004 maua b 001 0 eng
010 _a 2003052755
020 _a0072556889
040 _aDLC
_cDLC
_dDLC
050 0 0 _aGV546
_b.F25 2004
082 0 0 _a613.7/13
_221
100 1 _aFahey, Thomas D.
_q(Thomas Davin),
_d1947-
_955661
245 1 0 _aBasic weight training for men and women
_cThomas D. Fahey.
250 _a5th ed.
260 _aBoston, Mass. :
_bMcGraw-Hill,
_cc2004.
300 _axiv, 225 p. :
_bill. ;
_c24 cm.
504 _aIncludes bibliographical references (p. 216-220) and index.
650 0 _aWeight training.
_955662
856 4 2 _3Publisher description
_uhttp://www.loc.gov/catdir/description/mh031/2003052755.html
856 4 1 _3Table of contents
_uhttp://www.loc.gov/catdir/toc/mh031/2003052755.html
856 4 2 _3Contributor biographical information
_uhttp://www.loc.gov/catdir/enhancements/fy0737/2003052755-b.html
942 _2ddc
_cBK
999 _c566426
_d566426